| 000 | 00549nam a22001937a 4500 | ||
|---|---|---|---|
| 005 | 20220727162725.0 | ||
| 008 | 220727b ||||| |||| 00| 0 eng d | ||
| 040 | _cAL | ||
| 041 | _aEnglish | ||
| 082 |
_223 _a706 _bWCCG |
||
| 100 |
_aWCC Secretariat _953649 |
||
| 245 | _aGuide to World Crafts Council | ||
| 260 |
_aNew York _bWorld Craft Council Secretariat |
||
| 300 |
_a45 p. _bPB _c21x15 cm. |
||
| 650 |
_aWorld Crafts Council _953650 |
||
| 650 |
_aHandicraft--Societies, etc _953651 |
||
| 700 |
_aWCC SECRETARIAT _953652 |
||
| 942 |
_2ddc _cGF |
||
| 999 |
_c224236 _d224236 |
||